00881nam a2200205Ia 4500003000200000005001700002008004100019050003400060100002400094245007400118260009000192300002800282504004200310650006600352650005900418650003100477942001400508999001900522952013400541020250128092317.0150126s9999 xx 000 0 und d aPGS GV 1469.3.C65b.M491 2014 aMedina, John Simon. aPlaying strategy video games to thinking skills /cJohn Simon Medina. aLas Piñas City, Philippines :bSouthville International School and Colleges,c2014. a39 p. :bill. ;c28 cm. aIncludes bibliographical references.  aVideo gamesvCognitive effects—Thinking skills development. aStrategy gamesvImpact on thinking skills in children. aStudentsvThinking skills. 2lcccPASS c278610d278610 00102lcc40aLUXbLUXcPASSd2042-02-06eDONATIONl0oPGS GV 1469.3.C65 .M491 2014pP3266r2015-01-26 00:00:00w2015-01-26yPASS